LEADER 01062nam a2200265 i 4500 001 991002616939707536 005 20020508203235.0 008 000224s1997 it ||| | ita 020 $a8886038208 035 $ab11036023-39ule_inst 035 $aPARLA166028$9ExL 040 $aDipart. Scienze pedagogiche$bita 082 0 $a371.3028 100 1 $aSmeriglio, Francesco$0539001 245 10$aDidattica metacognitiva e pedagogia dell'apprendimento /$cFrancesco Smeriglio 260 $aMessina :$bSamperi,$c1997 300 $a146 p. ;$c21 cm. 650 4$aDidattica$xTecniche e procedure 907 $a.b11036023$b21-09-06$c28-06-02 912 $a991002616939707536 945 $aLE002 Ped. II C 25$g1$i2002000265500$lle002$o-$pE0.00$q-$rl$s- $t0$u0$v0$w0$x0$y.i13072389$z05-02-04 945 $aLE022 371 SME01.01$g1$i2022000012744$lle022$o-$pE0.00$q-$rl$s- $t0$u7$v1$w7$x0$y.i11158116$z28-06-02 996 $aDidattica metacognitiva e pedagogia dell'apprendimento$9862448 997 $aUNISALENTO 998 $ale002$ale022$b01-01-00$cm$da $e-$fita$git $h0$i2 LEADER 00943nam a22002651i 4500 001 991003814409707536 005 20030922105415.0 008 031111s1989 it |||||||||||||||||ita 020 $a8835500028 035 $ab12477394-39ule_inst 035 $aARCHE-051067$9ExL 040 $aDip.to Lingue$bita$cA.t.i. Arché s.c.r.l. Pandora Sicilia s.r.l. 082 04$a818.5403 100 1 $aRoth, Philip$0439176 245 12$aI fatti :$bautobiografia di un romanziere /$cPhilip Roth ; traduzione di Pier Francesco Paolini 260 $aMilano :$bLeonardo,$c1989 300 $a184 p. ;$c23 cm 700 1 $aPaolini, Pier Francesco 765 0 $tfacts 907 $a.b12477394$b02-04-14$c13-11-03 912 $a991003814409707536 945 $aLE012 818.54 ROT$g1$i2012000125186$lle012$o-$pE0.00$q-$rl$s- $t0$u1$v0$w1$x0$y.i12909312$z13-11-03 996 $aFatti$9180940 997 $aUNISALENTO 998 $ale012$b13-11-03$cm$da $e-$fita$git $h2$i1